Paradas del tranvía de VItoria-Gasteiz - Estadísticas

Estadísticas generales
  • Esta prueba ha sido intentada 97 veces
  • La puntuación promedio es 17 de 28
Estadísticas de respuestas
Hint Respuesta % Correcto
En euskera y castellano Legebiltzarra / Parlamento
90%
Europa
87%
Abetxuko
83%
En euskera y castellano Antso Jakituna / Sancho el Sabio
83%
Lovaina
81%
Salburua
79%
Honduras
77%
Angulema
75%
Euskal Herria
73%
Ibaiondo
71%
Txagorritxu
71%
Unibertsitatea
71%
Florida
67%
Wellington
65%
Arriaga
54%
Hegoalde
54%
Intermodal
54%
En euskera y castellano Forondako Atea / Portal de Foronda
50%
Iliada
48%
Santa Luzia
48%
Gernikako Arbola
46%
Landaberde
46%
La Unión
44%
Nikosia
44%
Kristo
42%
Lakuabizkarra
42%
Artapadura
37%
Kañabenta
31%
No se encontraron pruebas coincidentes
Distribución de puntuación
Porcentaje de gente con cada puntuación
Porcentaje por número respondido
Historial de tus puntuaciones
No has intentado esta prueba.